Central Library OPAC University of Rajshahi

Solid state physics : (Record no. 53348)

MARC details
000 -LEADER
fixed length control field 00782nam a2200241 a 4500
001 - CONTROL NUMBER
control field 53348
003 - CONTROL NUMBER IDENTIFIER
rucl marc code BD-RjUL
005 - DATE AND TIME OF LATEST TRANSACTION
control field 20211209075940.0
008 - FIXED-LENGTH DATA ELEMENTS--GENERAL INFORMATION
fixed length control field 051115r20072006ii a b 001 0 eng c
020 ## - INTERNATIONAL STANDARD BOOK NUMBER
International Standard Book Number 8173196036
035 ## - SYSTEM CONTROL NUMBER
System control number (BD-RjUL)53468
040 ## - CATALOGING SOURCE
Modifying agency BD-RjUL
Language of cataloging eng
Original cataloging agency BD-RjUL
Transcribing agency BD-RjUL
041 ## - LANGUAGE CODE
Language code of text/sound track or separate title eng
082 ## - DEWEY DECIMAL CLASSIFICATION NUMBER
Edition number 23
Classification number 541.0421
Author mark and year WAS 2007
100 1# - MAIN ENTRY--PERSONAL NAME
Personal name Wahab, M. A.
Fuller form of name (Mohammad Abdul)
9 (RLIN) 159460
245 10 - TITLE STATEMENT
Title Solid state physics :
Remainder of title structure and properties of materials /
Statement of responsibility, etc. M.A. Wahab.
250 ## - EDITION STATEMENT
Edition statement 2nd ed.
260 ## - PUBLICATION, DISTRIBUTION, ETC. (IMPRINT)
Place of publication, distribution, etc. Kolkata :
Name of publisher, distributor, etc. Norosa Publishing House,
Date of publication, distribution, etc. 2006 [Reprinted 2007]
300 ## - PHYSICAL DESCRIPTION
Pagination xxiv, 596 p. :
Illustrations ill. ;
Size 23 cm.
504 ## - BIBLIOGRAPHY, ETC. NOTE
Bibliography, etc Includes bibliographical references (p. [588]-590) and index.
650 #0 - SUBJECT ADDED ENTRY--TOPICAL TERM
Topical term or geographic name as entry element Solid state physics.
9 (RLIN) 119295
942 ## - ADDED ENTRY ELEMENTS (KOHA)
Source of classification or shelving scheme Dewey Decimal Classification
Koha item type Books
Holdings
Lost status Source of classification or shelving scheme Damaged status Not for loan Collection code Permanent Location Current Location Shelving location Date acquired Source of acquisition Cost, normal purchase price Total Checkouts Full call number Date last seen Date checked out Copy number Koha item type
  Dewey Decimal Classification     Non-fiction Central Library, University of Rajshahi Central Library, University of Rajshahi   26/05/2008 Paragon Enterprise Lit., Dhaka 295.00 2 541.0421 WAS 2007 17/11/2024 14/11/2024 C-2 Books
  Dewey Decimal Classification   Not For Loan Non-fiction Central Library, University of Rajshahi Central Library, University of Rajshahi Reading Room 26/05/2008 Paragon Enterprise,Ltd 295.00   541.0421 WAS 2007 12/04/2017   C-1 Books
  Dewey Decimal Classification     Non-fiction Central Library, University of Rajshahi Central Library, University of Rajshahi   27/04/2008 Dhaka, Paragon Enterprises Ltd. 295.00   541.0421 WAS 2007 06/05/2017   C-3 Books
  Dewey Decimal Classification     Non-fiction Central Library, University of Rajshahi Central Library, University of Rajshahi   27/04/2008 Dhaka, Paragon Enterprises Ltd. 295.00 1 541.0421 WAS 2007 08/12/2024 28/11/2024 C-4 Books